複数の郡から成立した市町村 - Statistics

General Stats
  • This quiz has been taken 58 times
  • The average score is 73 of 113
Answer Stats
都道府県 合併後の市町村 合併した郡・市 合併事由 % Correct
岩手県 一関市 一関市+西磐井郡+東磐井郡 新設
79%
宮城県 登米市 登米郡+本吉郡 新設/市制
76%
新潟県 上越市 上越市+東頸城郡+中頸城郡+西頸城郡 編入
76%
静岡県 浜松市 浜松市+天竜市+浜北市+周智郡+磐田郡+浜名郡+引佐郡 編入
76%
三重県 津市 津市+久居市+安芸郡+一志郡 新設
76%
岡山県 岡山市 岡山市+御津郡+児島郡 編入
76%
岡山県 岡山市 岡山市+御津郡+赤磐郡 編入
76%
岡山県 倉敷市 倉敷市+浅口郡+吉備郡 編入
76%
岡山県 津山市 津山市+苫田郡+勝田郡+久米郡 編入
76%
岡山県 真庭市 上房郡+真庭郡 新設/市制
76%
広島県 東広島市 東広島市+賀茂郡+豊田郡 編入
76%
山口県 山口市 山口市+佐波郡+吉敷郡 新設
76%
北海道 函館市 函館市+亀田郡+茅部郡 編入
72%
宮城県 大崎市 古川市+志田郡+玉造郡+遠田郡 新設
72%
山梨県 笛吹市 東山梨郡+東八代郡 新設/市制
72%
三重県 松阪市 松阪市+一志郡+飯南郡 新設
72%
三重県 伊賀市 上野市+阿山郡+名賀郡 新設
72%
京都府 福知山市 福知山市+天田郡+加佐郡 編入
72%
兵庫県 姫路市 姫路市+飾磨郡+神崎郡+宍粟郡 編入
72%
鳥取県 鳥取市 鳥取市+岩美郡+八頭郡+気高郡 編入
72%
広島県 呉市 呉市+安芸郡+豊田郡 編入
72%
広島県 三原市 三原市+賀茂郡+豊田郡+御調郡 新設
72%
広島県 福山市 福山市+沼隈郡+芦品郡 編入
72%
広島県 三次市 三次市+甲奴郡+双三郡 新設
72%
広島県 庄原市 庄原市+甲奴郡+比婆郡 新設
72%
香川県 高松市 高松市+木田郡+香川郡+綾歌郡 編入
72%
愛媛県 西予市 西宇和郡+東宇和郡 新設/市制
72%
北海道 釧路市 釧路市+阿寒郡+白糠郡 新設
69%
北海道 北斗市 上磯郡+亀田郡 新設/市制
69%
岩手県 花巻市 花巻市+稗貫郡+和賀郡 新設
69%
山形県 鶴岡市 鶴岡市+東田川郡+西田川郡 新設
69%
茨城県 小美玉市 東茨城郡+新治郡 新設/市制
69%
栃木県 日光市 日光市+今市市+上都賀郡+塩谷郡 新設
69%
群馬県 高崎市 高崎市+群馬郡+多野郡 編入
69%
新潟県 新潟市 新潟市+新津市+白根市+豊栄市+中蒲原郡+西蒲原郡 編入
69%
新潟県 長岡市 長岡市+南蒲原郡+三島郡+古志郡+刈羽郡 編入
69%
山梨県 甲府市 甲府市+東八代郡+西八代郡 編入
69%
山梨県 甲斐市 中巨摩郡+北巨摩郡 新設/市制
69%
山梨県 中央市 東八代郡+中巨摩郡 新設/市制
69%
山梨県 南都留郡富士河口湖町 西八代郡+南都留郡 編入
69%
長野県 長野市 長野市+更級郡+上水内郡 編入
69%
長野県 松本市 松本市+東筑摩郡+南安曇郡 編入
69%
岐阜県 大垣市 大垣市+養老郡+安八郡 編入
69%
岐阜県 高山市 高山市+大野郡+吉城郡 編入
69%
愛知県 豊田市 豊田市+西加茂郡+東加茂郡 編入
69%
滋賀県 長浜市 長浜市+東浅井郡+伊香郡 編入
69%
滋賀県 東近江市 八日市市+神崎郡+愛知郡 新設
69%
滋賀県 東近江市 東近江市+蒲生郡+神崎郡 編入
69%
京都府 京丹後市 中郡+竹野郡+熊野郡 新設/市制
69%
兵庫県 豊岡市 豊岡市+城崎郡+出石郡 新設
69%
和歌山県 田辺市 田辺市+日高郡+西牟婁郡+東牟婁郡 新設
69%
島根県 雲南市 大原郡+飯石郡 新設/市制
69%
岡山県 美作市 勝田郡+英田郡 新設/市制
69%
山口県 周南市 徳山市+新南陽市+熊毛郡+都濃郡 新設
69%
佐賀県 佐賀市 佐賀市+佐賀郡+神埼郡 新設
69%
熊本県 熊本市 熊本市+下益城郡+鹿本郡 編入
69%
大分県 大分市 大分市+大分郡+北海部郡 編入
69%
宮崎県 宮崎市 宮崎市+宮崎郡+東諸県郡 編入
69%
北海道 二海郡八雲町 山越郡+爾志郡 新設
66%
宮城県 石巻市 石巻市+桃生郡+牡鹿郡 新設
66%
茨城県 桜川市 西茨城郡+真壁郡 新設/市制
66%
栃木県 下野市 河内郡+下都賀郡 新設/市制
66%
富山県 富山市 富山市+上新川郡+婦負郡 新設
66%
富山県 南砺市 東礪波郡+西礪波郡 新設/市制
66%
福井県 福井市 福井市+足羽郡+丹生郡 編入
66%
福井県 三方上中郡若狭町 三方郡+遠敷郡 新設
66%
長野県 佐久市 佐久市+南佐久郡+北佐久郡 新設
66%
長野県 安曇野市 東筑摩郡+南安曇郡 新設/市制
66%
京都府 南丹市 北桑田郡+船井郡 新設/市制
66%
奈良県 奈良市 奈良市+添上郡+山辺郡 編入
66%
岡山県 井原市 井原市+小田郡+後月郡 編入
66%
岡山県 高梁市 高梁市+上房郡+川上郡 新設
66%
岡山県 加賀郡吉備中央町 御津郡+上房郡 新設
66%
徳島県 阿波市 板野郡+阿波郡 新設/市制
66%
高知県 高岡郡四万十町 高岡郡+幡多郡 新設
66%
長崎県 諫早市 諫早市+西彼杵郡+北高来郡 新設
66%
長崎県 対馬市 下県郡+上県郡 新設/市制
66%
鹿児島県 鹿児島市 鹿児島市+鹿児島郡+揖宿郡+日置郡 編入
66%
北海道 日高郡新ひだか町 静内郡+三石郡 新設
62%
茨城県 常陸大宮市 東茨城郡+那珂郡 編入/市制
62%
群馬県 みどり市 勢多郡+新田郡+山田郡 新設/市制
62%
石川県 鳳珠郡能登町 鳳至郡+珠洲郡 新設
62%
山梨県 上野原市 南都留郡+北都留郡 新設/市制
62%
長野県 東御市 北佐久郡+小県郡 新設/市制
62%
静岡県 御前崎市 榛原郡+小笠郡 新設/市制
62%
広島県 江田島市 安芸郡+佐伯郡 新設/市制
62%
鹿児島県 南九州市 揖宿郡+川辺郡 新設/市制
62%
北海道 石狩市 石狩市+厚田郡+浜益郡 編入
59%
北海道 久遠郡せたな町 久遠郡+瀬棚郡 新設
59%
群馬県 渋川市 渋川市+勢多郡+北群馬郡 新設
59%
長野県 千曲市 更埴市+更級郡+埴科郡 新設
59%
高知県 吾川郡いの町 土佐郡+吾川郡 新設
59%
福岡県 久留米市 久留米市+浮羽郡+三井郡+三潴郡 編入
59%
鹿児島県 南さつま市 加世田市+川辺郡+日置郡 新設
59%
新潟県 十日町市 十日町市+中魚沼郡+東頸城郡 新設
55%
福井県 大飯郡おおい町 遠敷郡+大飯郡 新設
55%
熊本県 宇城市 宇土郡+下益城郡 新設/市制
55%
大分県 杵築市 杵築市+西国東郡+速見郡 新設
55%
鹿児島県 鹿屋市 鹿屋市+曽於郡+肝属郡 新設
55%
山梨県 南巨摩郡身延町 西八代郡+南巨摩郡 新設
52%
岐阜県 中津川市 中津川市+恵那郡+長野県木曽郡 編入
52%
鳥取県 西伯郡伯耆町 西伯郡+日野郡 新設
52%
高知県 吾川郡仁淀川町 吾川郡+高岡郡 新設
52%
福岡県 みやま市 山門郡+三池郡 新設/市制
52%
埼玉県 久喜市 久喜市+南埼玉郡+北葛飾郡 新設
48%
兵庫県 美方郡香美町 城崎郡+美方郡 新設
48%
愛媛県 喜多郡内子町 上浮穴郡+喜多郡 新設
48%
和歌山県 東牟婁郡串本町 西牟婁郡+東牟婁郡 新設
45%
埼玉県 鴻巣市 鴻巣市+北足立郡+北埼玉郡 編入
41%
千葉県 旭市 旭市+香取郡+海上郡 新設
41%
熊本県 上益城郡山都町 阿蘇郡+上益城郡 新設
41%
茨城県 東茨城郡城里町 東茨城郡+西茨城郡 新設
38%
北海道 中川郡幕別町 広尾郡+中川郡 編入
34%
No matching quizzes found
Score Distribution
Percent of People with Each Score
Percentile by Number Answered
Your Score History
You have not taken this quiz